000 00602nam a22002177a 4500
003 OSt
005 20260401104439.0
008 260401b |||||||| |||| 00| 0 eng d
020 _a9781292468518
040 _cDDC
082 _a003 VAL 2025
100 _aValacich, Josephy S.; George Joey F.
_912893
245 _a Modern Systems Analysis and Design
250 _a10th ed.
260 _aEngland; Pearson, 2025
300 _a427p; Col.ill: 27.5cm
504 _aReferences, glossary, & index included
650 _aSystems analysis
_9449
650 _aSystems design
_9586
942 _2ddc
_cO_SHELF
999 _c9616
_d9616